Visualizzazione normale
Vista MARC
- Sousa, Pio Gonçalo Alves de
di Personal Name
Records bibliografici associati: 1
001 - CONTROL NUMBER
- control field: 2939
003 - CONTROL NUMBER IDENTIFIER
- control field: IT-RoINE
005 - DATE AND TIME OF LATEST TRANSACTION
- control field: 20140114171225.0
008 - FIXED-LENGTH DATA ELEMENTS
- fixed length control field: 140114|| aca||aabn | a|a d
040 ## - CATALOGING SOURCE
- Original cataloging agency: IT-RoINE
- Transcribing agency: IT-RoINE
100 ## - HEADING--PERSONAL NAME
- Personal name: Sousa, Pio Gonçalo Alves de
670 ## - SOURCE DATA FOUND
- Source citation: Work cat.: (IT-RoINE)0: Simposio Internacional de Teología (1o. (1979. Pamplona, España) 2937, Ética y teología ante la crisis contemporánea /, 1980.